000 00890aab a2200193 i 4500
001 768714001
003 CO-MdFUSB
005 20240422110000.0
008 240411t1985 ag ||||| |||| 00| 0 spa d
040 _bspa
_cCO-MdFUSB
041 _aspa
100 1 _aBreneman, Mervin (1930-)
_eautor
245 _aMisión y el pueblo judío intertestamentario
_c/ Mervin Breneman
300 _a Volumen 4, número 3 (septiembre, 1985), páginas: 91 - 93
_c; 27 cm
520 _aEste artículo se basa en ¿Cómo vio su misión en el mundo el pueblo judío en el periodo posterior al Antiguo Testamento?. Se concluye que el Antiguo Testamento con su énfasis misionológico preparó el camino para la misión de la Iglesia.
650 7 _aJudíos
_xHistoria
_9270
773 0 _tIglesia y Misión
_049402
_959687
_g Volumen 4, número 3 (septiembre, 1985), páginas: 91 - 93
_qpágina: 91
942 _cANA
999 _c51602
_d51602